000 00242 a2200085 4500
020 _a9783035618747
100 _a Martin Søberg and Anna Hougaard
245 _aThe Artful Plan: Architectural Drawing Reconfigured
260 _b‎ Birkhäuser
_c2020
999 _c13414
_d13414